Melanie Martinez - Training Wheels Lyrics - Statistics

General Stats
  • This quiz has been taken 951 times
  • The average score is 175 of 229
Answer Stats
Lyric % Correct
you
98%
do
97%
I
97%
The
96%
the
96%
me
95%
For
94%
for
94%
Wheels
93%
wheels
93%
when
93%
When
93%
love
92%
no
92%
call
90%
everything
90%
stupid
90%
training
90%
a
89%
dumb
88%
ish
88%
My
88%
my
88%
fluffing
87%
your
86%
on
84%
down
83%
hand
81%
off
81%
to
81%
Riding
79%
riding
79%
them
79%
with
79%
way
78%
left
77%
ground
75%
round
75%
so
75%
whole
75%
Fully
72%
seat
71%
take
71%
undressed
71%
Wanna
70%
now
68%
soft
68%
hit
67%
ride
67%
bandaids
66%
carry
66%
hands
66%
I'll
66%
bike
65%
but
65%
even
64%
touching
64%
aren't
63%
pull
63%
Promise
58%
promise
58%
go
57%
Scared
57%
first
56%
If
56%
jagged
56%
worn
56%
push
55%
won't
55%
dirt
54%
they're
54%
be
53%
I'm
53%
Asking
52%
asking
52%
straight
52%
you'll
52%
in
49%
all
48%
explode
48%
It's
46%
not
45%
want
45%
wife
44%
like
43%
where
43%
know
42%
us
42%
Is
41%
things
41%
hard
40%
Letting
39%
letting
39%
life
39%
Telling
39%
already
38%
cheesy
38%
coming
37%
mine
37%
say
37%
this
37%
make
36%
two
36%
You've
36%
been
35%
wheelers
34%
that's
29%
No matching quizzes found
Score Distribution
Percent of People with Each Score
Percentile by Number Answered
Your Score History
You have not taken this quiz